Текст томруулах:    
Administration procedures for advanced secretarial students (Бичлэгийн дугаар. 146193)
000 -УДИРДЛАГА
Удирдлага 00704nam a22002537a 4500
003 - ХЯНАЛТЫН ТОО ТОДОРХОЙЛОГЧ
Код MN-UlNUM
005 - БИЧИЛТ ХИЙСЭН ОГНОО
Тухайн бичилтийг бичсэн засварласан сүүлийн огноо 20260115171910.0
008 - ЕРӨНХИЙ МЭДЭЭЛЭЛ
Ерөнхий мэдээлэл 260115s1997 ohu||||| |||| 00| 0 eng |
020 ## - ISBN
ISBN 0435455419
040 ## - БИЧЛЭГ ҮҮСГЭГЧ БАЙГУУЛЛАГА
Бичлэг үүсгэгч номын сангийн код МУИС-ийн номын сан
084 ## - ББК АНГИЛАЛ
Нэмэлт тусгалт Бусад
ББК ангилал 65.050.2
Зохиогчийн гурван тэмдэгт C 21
Мэдлэгийн ялгаа 65 - Эдийн засаг
100 1# - ЗОХИОГЧ
Зохиогчийн нэр Carysforth Carol
245 10 - ҮНДСЭН ГАРЧИГ
Номын нэр Administration procedures for advanced secretarial students
260 ## - ГАРАЛТЫН МЭДЭЭ
Хэвлэгдсэн газар Chicago :
Хэвлэлийн газар Heinemann, Pub.
Хэвлэгдсэн он 1997.
300 ## - МАТЕРИАЛЫН ТОДОРХОЙЛОЛТ
хуудасны тоо 474p. :
500 ## - Тайлбар
Дансны дугаар БС 5011
546 ## - ХЭЛНИЙ ТУХАЙ МЭДЭЭ
Хэл Англи хэл дээр,
740 ## - НОМЫН ГАРЧИГ
Гарчиг The administrative secretarial function
740 ## - НОМЫН ГАРЧИГ
Гарчиг The office function
740 ## - НОМЫН ГАРЧИГ
Гарчиг The information function
740 ## - НОМЫН ГАРЧИГ
Гарчиг The communications function
942 ## - ЭЛЕМЕНТИЙН ТӨРӨЛ
Зүйлийн төрөл Ном